| 000 | 00452nam a2200181Ia 4500 | ||
|---|---|---|---|
| 005 | 20240823050210.0 | ||
| 008 | 240823s9999||||xx |||||||||||||| ||und|| | ||
| 020 | _a81-239-0795-8 | ||
| 041 | _aENGLISH | ||
| 082 | _A515.8 P2 | ||
| 100 | _aVatsa B S | ||
| 245 | 0 | _aIntroduction to Real Analysis | |
| 250 | _a2002 | ||
| 260 |
_c8123 _b"CBS Publishers & Distributors,New " |
||
| 500 | _aYES | ||
| 650 |
_aReal Analysis _bMathematics |
||
| 942 | _cBK | ||
| 999 |
_c216705 _d216705 |
||